Normal view
MARC view
- Welty , James R. & Rorrer ,Gregory , L.
Entry Personal Name
001 - CONTROL NUMBER
- control field: 19114
003 - CONTROL NUMBER IDENTIFIER
- control field: NUST
005 - DATE AND TIME OF LATEST TRANSACTION
- control field: 20190806060044.0
008 - FIXED-LENGTH DATA ELEMENTS
- fixed length control field: 190806|| aca||aabn | a|a d
040 ## - CATALOGING SOURCE
- Original cataloging agency: NUST
- Transcribing agency: NUST
100 ## - HEADING--PERSONAL NAME
- Personal name: Welty , James R. & Rorrer ,Gregory , L.
670 ## - SOURCE DATA FOUND
- Source citation: Work cat.: (NUST): Welty , James R. & Rorrer ,Gregory , L. , FUNDAMENTALS OF MOMENTUM, HEAT, AND MASS TRANSFER \, 2015.
